[Event "FRA-chT Gp-B"]
[Site "France"]
[Date "2004.01.31"]
[Round "2"]
[White "Miralles, Gilles"]
[Black "Kovarcik, Gilles"]
[Result "1-0"]
[WhiteElo "2450"]
[BlackElo "2028"]
[PlyCount "53"]
[EventDate "2004.01.30"]
[EventType "team"]
[EventRounds "7"]
[EventCountry "FRA"]
[SourceTitle "CBM 098 Extra"]
[Source "ChessBase"]
[SourceDate "2004.03.10"]
[SourceVersion "2"]
[SourceVersionDate "2004.03.10"]
[SourceQuality "1"]
[WhiteTeam "Monaco"]
[BlackTeam "Strasbourg"]
[WhiteTeamCountry "FRA"]
[BlackTeamCountry "FRA"]

1. e4 Nc6 2. Nc3 Nf6 3. d4 d5 4. e5 Nd7 5. Nxd5 Ndb8 6. Ne3 Qxd4 7. Qxd4 Nxd4 8. c3 Ne6 9. g3 c6 10. f4 g6 11. Nf3 Nc7 12. Bd2 Bg7 13. 0-0-0 0-0 14. c4 a5 15. h4 Nd7 16. Bd3 Nc5 17. Bc2 b5 18. h5 bxc4 19. hxg6 hxg6 20. Nxc4 Bg4 21. Rdf1 a4 22. Nd4 Nd5 23. Rh4 Bd7 24. f5 Be8 25. Rfh1 g5 26. Bxg5 f6 27. Bh6 1-0

[Event "FRA-chT 9900"]
[Site "France"]
[Date "2000.04.29"]
[Round "8.9"]
[White "Goujon, Antoine"]
[Black "Kovarcik, Gilles"]
[Result "0-1"]
[WhiteElo "1790"]
[BlackElo "2053"]
[PlyCount "94"]
[EventDate "1999.02.04"]
[EventType "team"]
[EventRounds "11"]
[EventCountry "FRA"]
[SourceTitle "EXT 2001"]
[Source "ChessBase"]
[SourceDate "2000.11.22"]
[SourceVersion "1"]
[SourceVersionDate "2000.11.22"]
[SourceQuality "1"]

1. d4 d5 2. Nf3 Nf6 3. Bg5 Ne4 4. Bh4 c5 5. e3 cxd4 6. exd4 Qb6 7. Qc1 Nc6 8. c3 e5 9. Bd3 exd4 10. 0-0 Bd6 11. Re1 0-0 12. Bxe4 dxe4 13. Rxe4 Bf5 14. Rxd4 Nxd4 15. Nxd4 Bg6 16. Nd2 Bf4 17. Bg3 Bxg3 18. hxg3 Rfe8 19. Nc4 Qc5 20. Ne3 Re4 21. Qf1 Rd8 22. Rd1 h6 23. Nb3 Qe7 24. Rxd8+ Qxd8 25. Qb5 Qe7 26. Nd4 Rxe3 27. fxe3 Qxe3+ 28. Kh2 b6 29. Qe2 Qxe2 30. Nxe2 Kf8 31. Kg1 Ke7 32. Kf2 Kd6 33. Ke3 Bb1 34. a3 Ke5 35. Nd4 a5 36. Nf3+ Kd5 37. Nd2 Bc2 38. Nf3 f5 39. Nd4 Be4 40. Kf2 a4 41. Ne2 g5 42. Nd4 Kc4 43. Ke3 h5 44. Ne6 Kb3 45. Nxg5 Kxb2 46. Nxe4 fxe4 47. Kxe4 Kxa3 0-1

[Event "Cannes Martinez op"]
[Site "Cannes"]
[Date "1996.??.??"]
[Round "5"]
[White "De Labaca, Romuald"]
[Black "Kovarcik, Gilles"]
[Result "1-0"]
[WhiteElo "1850"]
[BlackElo "2115"]
[PlyCount "79"]
[EventDate "1996.08.??"]
[EventType "swiss"]
[EventRounds "9"]
[EventCountry "FRA"]
[SourceTitle "EXT 1998"]
[Source "ChessBase"]
[SourceDate "1997.11.17"]
[SourceVersion "1"]
[SourceVersionDate "1997.11.17"]
[SourceQuality "1"]

1. e4 Nc6 2. d4 d5 3. e5 Bf5 4. c3 e6 5. Ne2 Be7 6. Ng3 Bg6 7. Be2 Bh4 8. Nh5 Bxh5 9. Bxh5 g6 10. Be2 h5 11. Bf4 Nh6 12. 0-0 Nf5 13. Nd2 Be7 14. Nf3 g5 15. Bc1 g4 16. Ne1 Bg5 17. Bd3 Nh4 18. Kh1 Qe7 19. f4 Bh6 20. f5 exf5 21. Bxf5 Nxf5 22. Rxf5 0-0-0 23. Bxh6 Rxh6 24. Qd2 Qe6 25. Qf4 Rf8 26. Nd3 Ne7 27. Rg5 Rh7 28. Rf1 b6 29. Qf6 Kd7 30. Qxe6+ Kxe6 31. Nf4+ Kd7 32. Nxh5 Kd8 33. Nf6 Rh6 34. Rxg4 c5 35. h3 Kc7 36. Kg1 Kc6 37. b3 a5 38. a4 c4 39. bxc4 dxc4 40. Rb1 1-0

[Event "Cannes Martinez op"]
[Site "Cannes"]
[Date "1996.??.??"]
[Round "6"]
[White "Kovarcik, Gilles"]
[Black "Labarthe, Arnaud"]
[Result "0-1"]
[WhiteElo "2115"]
[BlackElo "2075"]
[PlyCount "80"]
[EventDate "1996.08.??"]
[EventType "swiss"]
[EventRounds "9"]
[EventCountry "FRA"]
[SourceTitle "EXT 1998"]
[Source "ChessBase"]
[SourceDate "1997.11.17"]
[SourceVersion "1"]
[SourceVersionDate "1997.11.17"]
[SourceQuality "1"]

1. Nc3 d5 2. Nf3 Nf6 3. d4 Bf5 4. Bf4 c6 5. e3 e6 6. Be2 Bb4 7. 0-0 Bxc3 8. bxc3 Ne4 9. c4 Nc3 10. Qd2 Nxe2+ 11. Qxe2 0-0 12. c5 Nd7 13. Bd6 Re8 14. a4 Nb6 15. Rfb1 Nc4 16. Bg3 Na5 17. Rb2 f6 18. Nh4 Bg6 19. Nxg6 hxg6 20. Qd3 Kf7 21. f4 b6 22. Rab1 Nc4 23. Rb4 f5 24. Kf2 bxc5 25. Rb7+ Kg8 26. dxc5 Re7 27. Qc3 Rc8 28. Bh4 Rxb7 29. Rxb7 Qxh4+ 30. g3 Qf6 31. Qxf6 gxf6 32. Rxa7 Nd2 33. a5 Ne4+ 34. Ke2 Nxc5 35. Kd2 Ne4+ 36. Kd3 Rb8 37. Re7 Ra8 38. c4 Rxa5 39. cxd5 exd5 40. Rc7 c5 0-1

[Event "Cannes Martinez op"]
[Site "Cannes"]
[Date "1996.??.??"]
[Round "4"]
[White "Kovarcik, Gilles"]
[Black "Maiffret, Patrick"]
[Result "1-0"]
[WhiteElo "2115"]
[BlackElo "1990"]
[PlyCount "84"]
[EventDate "1996.08.??"]
[EventType "swiss"]
[EventRounds "9"]
[EventCountry "FRA"]
[SourceTitle "EXT 1998"]
[Source "ChessBase"]
[SourceDate "1997.11.17"]
[SourceVersion "1"]
[SourceVersionDate "1997.11.17"]
[SourceQuality "1"]

1. e4 c5 2. c3 Nf6 3. e5 Nd5 4. d4 cxd4 5. Nf3 b6 6. cxd4 e6 7. Bd3 Ba6 8. 0-0 Qc7 9. a3 Bxd3 10. Qxd3 d6 11. Re1 Nd7 12. Bd2 Be7 13. Nc3 Nxc3 14. Rac1 Ne2+ 15. Rxe2 Qb7 16. d5 Nc5 17. Qb5+ Qd7 18. Qxd7+ Kxd7 19. exd6 Bxd6 20. b4 Nb7 21. dxe6+ fxe6 22. Rd1 h6 23. Bf4 Ke7 24. Bxd6+ Nxd6 25. Ne5 Rhc8 26. f4 Rc7 27. Red2 Nf5 28. Rd7+ Rxd7 29. Rxd7+ Kf8 30. Kf2 h5 31. Ke2 Ke8 32. Kd2 a6 33. Rb7 Rd8+ 34. Kc3 b5 35. Rb6 Rd6 36. Rxd6 Nxd6 37. Kd4 Kd8 38. h3 Kc7 39. g4 hxg4 40. hxg4 Kb6 41. Nd7+ Kc6 42. Nc5 e5+ 1-0